Технология конструкционных материалов. Слесарное дело. Свойства материалов. Организация работ: учебное пособие

Podrobná bibliografie
Další autoři: Чеботарёв М. И. Михаил Иванович (редактор), Тарасенко Б. Ф. Борис Федорович, Лихачёв В. Л. Владимир Леонидович, Богатырёв Н. И. Николай Иванович
Shrnutí:Авт. указ. на обороте тит. л.
В современных условиях необходимы специалисты, обладающие высоким уровнем профессиональной подготовки, надёжными и глубокими знаниями и хорошей практической подготовкой для выполнения специальных видов работ, связанных с безотказной работой машин и оборудования. В системе двухуровневой подготовки кадров высшей квалификации для сельского хозяйства заложены возможности реализации данных требований. Особое место при этом отведено качественному проведению учебных и производственных практик. При их организации и проведении существенная роль отводится приобретению навыков в ремонтно-слесарном и сварочном деле, без которых практически невозможно выполнение ремонтно-эксплуатационных работ современных технических систем. Учебное пособие направлено на получение глубоких знаний и профессиональных навыков в ремонтно-слесарном деле обучающимися по программам подготовки бакалавров и магистров.
Jazyk:ruština
Vydáno: Старый Оскол, ТНТ, 2018
Témata:
Médium: MixedMaterials Kniha
KOHA link:https://koha.lib.tpu.ru/cgi-bin/koha/opac-detail.pl?biblionumber=343230

MARC

LEADER 00000nam0a2200000 4500
001 343230
005 20231102005533.0
010 |a 9785941785926 
035 |a (RuTPU)RU\TPU\book\373103 
035 |a RU\TPU\book\373102 
090 |a 343230 
100 |a 20190717d2018 m y0rusy50 ca 
101 0 |a rus 
102 |a RU 
105 |a a j 001zy 
200 1 |a Технология конструкционных материалов. Слесарное дело. Свойства материалов. Организация работ  |e учебное пособие  |f М. И. Чеботарёв [и др.]  |g под ред. М. И. Чеботарёва 
210 |a Старый Оскол  |c ТНТ  |d 2018 
215 |a 364 с.  |c ил. 
300 |a Авт. указ. на обороте тит. л. 
320 |a Библиогр.: с. 363 
330 |a В современных условиях необходимы специалисты, обладающие высоким уровнем профессиональной подготовки, надёжными и глубокими знаниями и хорошей практической подготовкой для выполнения специальных видов работ, связанных с безотказной работой машин и оборудования. В системе двухуровневой подготовки кадров высшей квалификации для сельского хозяйства заложены возможности реализации данных требований. Особое место при этом отведено качественному проведению учебных и производственных практик. При их организации и проведении существенная роль отводится приобретению навыков в ремонтно-слесарном и сварочном деле, без которых практически невозможно выполнение ремонтно-эксплуатационных работ современных технических систем. Учебное пособие направлено на получение глубоких знаний и профессиональных навыков в ремонтно-слесарном деле обучающимися по программам подготовки бакалавров и магистров. 
606 1 |a Слесарные работы  |x Организация труда  |2 stltpush  |3 (RuTPU)RU\TPU\subj\55173  |9 73233 
610 1 |a ремонтно-слесарное дело 
610 1 |a сварочное дело 
610 1 |a ремонтно-слесарные материалы 
610 1 |a технологические свойства 
610 1 |a металлы 
610 1 |a сплавы 
610 1 |a термическая обработка 
610 1 |a порошковые металлические материалы 
610 1 |a неметаллические материалы 
610 1 |a слесарные инструменты 
610 1 |a слесарь 
610 1 |a рабочее место 
610 1 |a ремонтно-слесарные работы 
610 1 |a качество 
610 1 |a контрольно-измерительные инструменты 
610 1 |a учебные пособия 
675 |a 683.3(075.8)  |v 4 
701 1 |a Чеботарёв  |b М. И.  |g Михаил Иванович 
701 1 |a Тарасенко  |b Б. Ф.  |g Борис Федорович 
701 1 |a Лихачёв  |b В. Л.  |g Владимир Леонидович 
701 1 |a Богатырёв  |b Н. И.  |g Николай Иванович 
702 1 |a Чеботарёв  |b М. И.  |g Михаил Иванович  |4 340 
801 1 |a RU  |b 63413507  |c 20180319 
801 2 |a RU  |b 63413507  |c 20220505  |g RCR 
942 |c BK 
959 |a 3/20180221  |d 1  |e 0  |f ЧЗТЛ:1